Aircraft Manufacturers - Logo Quiz - Statistics

General Stats
  • This quiz has been taken 67 times
  • The average score is 6 of 16
Answer Stats
Picture Answer % Correct
Boeing
97%
Airbus
92%
Lockheed Martin
68%
Cessna
62%
Embraer
52%
Antonov
42%
Beechcraft
37%
Dassault Aviation
35%
Pilatus Aircraft
30%
Piper Aircraft
27%
Ilyushin
20%
De Havilland
13%
Bell Helicopter
10%
Diamond Aircraft
10%
Learjet
10%
Junkers
5%
No matching quizzes found
Score Distribution
Percent of People with Each Score
Percentile by Number Answered
Your Score History
You have not taken this quiz